Starbucks is Everywhere! Quiz Stats

 Plays Quiz Updated Apr 18, 2015

Also try: Sporcle On TV
Challenge
Share
Tweet
Embed
Score 0/40 Timer 06:00
1 Play Today
Starbucks Word % Correct
Girls Just Want to Have StarbucksFun
99.3%
The Starbucks of OzWizard
97.1%
Little Starbucks on the PrairieHouse
96%
Earth, Wind & StarbucksFire
94.3%
Much Ado About StarbucksNothing
90.4%
Hell's StarbucksKitchen
85.5%
South StarbucksAmerica
84.8%
Father Knows StarbucksBest
84.3%
The Starbucks of Monte CristoCount
83.3%
United Starbucks EmiratesArab
82.7%
I Never Loved a Man (the Way I Love Starbucks)You
80.8%
A Room with a StarbucksView
80.7%
Knockin' on Starbucks' DoorHeaven's
79.6%
Huron, Ontario, Michigan, Starbucks, SuperiorErie
76.8%
A Starbucks Named DesireStreetcar
76.8%
Port-au-StarbucksPrince
76.6%
El StarbucksSalvador
76.2%
Starbucks IslandRhode
75.9%
Annie Get Your StarbucksGun
75.7%
Credence Starbucks RevivalClearwater
74.8%
Starbucks Word % Correct
2001: A Space StarbucksOdyssey
74.7%
Dr. Quinn, Starbucks WomanMedicine
69.7%
Alpha, beta, gamma, Starbucks, epsilonDelta
67.6%
Pour Some Starbucks on MeSugar
66.4%
Midnight Train to StarbucksGeorgia
63.2%
3.141Starbucks926535895
61.1%
Grumpy, Happy, Sneezy, Starbucks, Doc, Sleepy, DopeyBashful
60.2%
Ziggy StarbucksStardust
58.6%
The Towering StarbucksInferno
57.1%
Caroline in the StarbucksCity
51.9%
Un, deux, trois, Starbucks, cinqQuatre
51.9%
Mentally Stimulating StarbucksDiversions
51.3%
Genesis, Exodus, Starbucks, NumbersLeviticus
51.1%
A Rush of Starbucks to the HeadBlood
50.8%
The Man from S.T.A.R.B.U.C.K.S.U.N.C.L.E.
49.5%
São Starbucks and PrincipeTomé
48.5%
Jennifer Starbucks LeighJason
48.3%
Their Eyes Were Watching StarbucksGod
47.3%
Wii Starbucks ResortSports
40.1%
Starbucks HathawayBerkshire
33.4%

You're not logged in!

Compare scores with friends on all Sporcle quizzes.
Join for Free
OR
Log In

You Might Also Like...

Show Comments

Extras

Top Quizzes Today


Score Distribution

Your Account Isn't Verified!

In order to create a playlist on Sporcle, you need to verify the email address you used during registration. Go to your Sporcle Settings to finish the process.

Report this User

Report this user for behavior that violates our Community Guidelines.

Details: